| 000 | 01282nam a22003617a 4500 | ||
|---|---|---|---|
| 003 | CHAP | ||
| 005 | 20220329135126.0 | ||
| 008 | 971013s1976 r 00010 d | ||
| 010 | _a31313 | ||
| 011 | _a32285 | ||
| 035 | _a36399 | ||
| 040 | _cCHAP | ||
| 082 |
_a632.951 _bM37 1976 |
||
| 100 | 0 | 0 |
_aMartÃn, Hubert. _971735 |
| 245 | _aInsecticide and fungi handbook for crop protection | ||
| 250 | _a5 ed. | ||
| 260 |
_aOxford : _bBlackewell, _c1976 |
||
| 300 | _a427 p | ||
| 590 |
_aBATCH-UPD _b10 _c20130110 _lUCH01 _h1630 |
||
| 590 |
_aBATCH-UPD _b10 _c20130410 _lUCH01 _h1023 |
||
| 590 |
_aBATCH-UPD _b10 _c20130914 _lUCH01 _h1450 |
||
| 590 |
_aCONVERSION _b10 _c20130109 _lUCH01 _h1318 |
||
| 650 | 1 | 4 |
_aFungicidas. _944044 |
| 650 | 1 | 4 |
_aInsecticidas. _958855 |
| 700 | 0 |
_aWorkthing, Charles R. _9122685 |
|
| 901 | _aBK | ||
| 942 | _cLIBRO | ||
| 949 |
_a632.951 M37 1976 _bBC _cLIBRO _d33724000186961 _eLIBRO _h42119 _i36399 _si |
||
| 949 |
_a632.951 M37 1976 _bBC _cLIBRO _d33724000186979 _eLIBRO _fc.2 _h45074 _i36399 _si |
||
| 949 |
_a632.951 M37 1976 _bBC _cLIBRO _d33724000186987 _eLIBRO _fc.3 _h46000 _i36399 _si |
||
| 949 |
_a632.951 M37 1976 _bBC _cLIBRO _d33724000186995 _eLIBRO _fc.4 _h46001 _i36399 _si |
||
| 949 |
_a632.951 M37 1976 _bBC _cLIBRO _d33724000187001 _eLIBRO _fc.5 _h46002 _i36399 _si |
||
| 999 |
_c31313 _d31313 |
||